Cơ học Giáo trình Cao đẳng sư phạm
Đã lưu trong:
| Tác giả chính: | |
|---|---|
| Tác giả khác: | |
| Định dạng: | Sách |
| Được phát hành: |
H.
Đại học sư phạm
2003
|
| Những chủ đề: | |
| Các nhãn: |
Thêm thẻ
Không có thẻ, Là người đầu tiên thẻ bản ghi này!
|
| Thư viện lưu trữ: | Trung tâm Học liệu Lê Vũ Hùng, Trường Đại học Đồng Tháp |
|---|
| LEADER | 01852pam a22002658a 4500 | ||
|---|---|---|---|
| 001 | 00023689 | ||
| 005 | 20171026081023.0 | ||
| 008 | 110628s2003 ||||||Viesd | ||
| 041 | 0 | # | |a Vie |
| 082 | 1 | 4 | |a 530.071 |b C460H |
| 100 | 0 | # | |a Lê Trọng Tường |
| 245 | 0 | 0 | |a Cơ học |b Giáo trình Cao đẳng sư phạm |c Lê Trọng Tường, Nguyễn Thị Thanh Hương |
| 260 | # | # | |a H. |b Đại học sư phạm |c 2003 |
| 300 | # | # | |a 289 tr. |c 24 cm. |
| 500 | # | # | |a Bộ Giáo dục và đào tạo - Dự án đào tạo Giáo viên Trung học cơ sở |
| 500 | # | # | |a Sách nhà nước đặt hàng |
| 650 | # | 4 | |a Cơ học |
| 653 | # | # | |a Giáo trình |
| 700 | 0 | # | |a Nguyễn Thị Thanh Hương |
| 852 | # | # | |b Kho mượn |j KGT.0005340, KGT.0052507 |
| 852 | # | # | |j KGT.0005340, KGT.0005341, KGT.0005342, KGT.0005343, KGT.0005344, KGT.0005345, KGT.0005346, KGT.0005347, KGT.0005348, KGT.0005349, KGT.0005350, KGT.0005351, KGT.0005352, KGT.0005353, KGT.0005354, KGT.0005355, KGT.0005356, KGT.0005357, KGT.0005358, KGT.0005359, KGT.0005360, KGT.0005361, KGT.0005362, KGT.0005363, KGT.0005364, KGT.0005365, KGT.0005366, KGT.0005367, KGT.0005368, KGT.0005369, KGT.0005370, KGT.0032566, KGT.0033603 |b Kho giáo trình |
| 852 | # | # | |j KGT.0005351 |j KGT.0005352 |j KGT.0005353 |j KGT.0005355 |j KGT.0005356 |j KGT.0005358 |j KGT.0005361 |j KGT.0005363 |j KGT.0005364 |j KGT.0005367 |j KGT.0005370 |j KGT.0005342 |j KGT.0005344 |j KGT.0005347 |j KGT.0005349 |j KGT.0005341 |j KGT.0032566 |j KGT.0033603 |j KGT.0052507 |j KGT.0005345 |j KGT.0005346 |j KGT.0005350 |j KGT.0005359 |j KGT.0005360 |j KGT.0005368 |j KGT.0005369 |j KGT.0005340 |j KGT.0005343 |j KGT.0005348 |j KGT.0005354 |j KGT.0005357 |j KGT.0005362 |j KGT.0005365 |j KGT.0005366 |j KGT.0049182 |
| 910 | 0 | # | |d 28/06/2011 |
| 980 | # | # | |a Trung tâm Học liệu Lê Vũ Hùng, Trường Đại học Đồng Tháp |